000 00680nam a2200253Ia 4500
003 OSt
005 20220925224504.0
006 a|||||r|||| 00| 0
007 ta
008 220923b |||||||| |||| 00| 0 eng d
037 _cGeneral Book
040 _aRTL
_cRTL
_beng
041 _2eng
_aeng
082 _aT.73.N5, J8
100 _aHans Nicholas
245 0 _aComparative educaiton
_b A study of educaitonal fact
250 _a3
260 _aLondon
_bRoutledge & Kegan Paul UK
_c1958
300 _ax, 334p.
_ccm.
500 _aBib p. 326-28
650 _aEducation
942 _hT.73.N5, J8
_cGB
_2CC
999 _c581571
_d581571